000 01523cab a2200325Ia 45 0
001 u187250
003 SIRSI
008 101123s2010 ua ss b eng d
040 _aEAL
041 _aeng
_bara
090 _aART MJAR V35 No5 9
100 1 _aShamseldean, M. M.
240 1 0 _aMinufiya journal of agricultural research, 2010 v. 35 (5)
_h[electronic resource].
245 1 0 _aEvaluation of the entomopathogenic nematodes, Steinernema spp and Heterorhabditis bacteriophora, in the control of mole cricket, Gryllotalpa Africana
_h[electronic resource].
246 1 5 _aتقييم النيماتودا Heterorhabditis bacteriophora. Steinernema spp. في مكافحة الحفار الافريقي Gryllotalpa Africana.
300 _aP. 1849-1857.
504 _aIncludes references.
520 _aThis study aimed to evaluate the efficacy of a new approach in the control of the mole cricket, Gryllotalpa africana using Steinemema spp (Siwa strain) ; Steinemema riobrave ; Heterorhabditis bacteriophora (B20) and , (HP88) under laboratory conditions.
546 _aSummary in Arabic.
650 0 _aInsect nematodes.
650 0 _aHeterorhabditis.
650 0 _aGryllotalpa.
650 0 _aNematodes
_xBiological control.
700 1 _aKella, A. M.
700 1 _aBekhiet, M. A.
700 1 _aAnany, A. E.
773 0 _tMinufiya Journal of Agricultural Research.
_g2010.v.35(5)
_x1110-0265
_7nnas
_wu158151
856 4 0 _uhttp://nile.enal.sci.eg/EALE/2010/MJAR/3510/5/1849.pdf
_zFull Text Article.
596 _a1
942 _cAR
_2lcc
999 _c42300
_d42300